Lengua y gramática en la enseñanza /

Guardado en:
Autor Principal: Herrero Mayor, Avelino
Formato: Desconocido
Idioma:Spanish
Publicado: Buenos Aires : Paidós, 1969
Edición:1º ed.
Series:Biblioteca del educador contemporáneo 94
Materias:
Etiquetas: Agregar Etiqueta
Sin Etiquetas, Sea el primero en etiquetar este registro!
LEADER 00496nac a22001575a 4500
001 DER.der001794
005 20060719000000.0
008 180615s1969####||||||||||||||||||||spa||
100 1 |a Herrero Mayor, Avelino 
245 1 0 |a Lengua y gramática en la enseñanza /  |c Avelino Herrero Mayor 
250 |a 1º ed. 
260 |a Buenos Aires :  |b Paidós,  |c 1969 
300 0 |a 122 p. 
440 0 |a Biblioteca del educador contemporáneo  |v 94 
653 |a Lengua y gramática 
859 |a DERECHO  |b BIB. DERECHO  |h 465  |i HER  |p 003885